000 00311nam a2200121Ia 4500
008 230303s9999 xx 000 0 und d
041 _aeng
082 _a621.3192 SAY
100 _aSAY (M.G.)
245 _aThe Performance And Design Of Alternating Current Machines
260 _aDelhi
_bCBS Pub
365 _cRS
999 _c197430
_d197430